Better financial management - Need for clarity in plan and non-plan expenditures (Record no. 63072)

000 -LEADER
fixed length control field 01088pab a2200169 454500
008 - FIXED-LENGTH DATA ELEMENTS--GENERAL INFORMATION
fixed length control field 180718b2004 xxu||||| |||| 00| 0 eng d
100 ## - MAIN ENTRY--PERSONAL NAME
Personal name Ramaswamy, P.R.
245 ## - TITLE STATEMENT
Title Better financial management - Need for clarity in plan and non-plan expenditures
260 ## - PUBLICATION, DISTRIBUTION, ETC.
Date of publication, distribution, etc. 2004
300 ## - PHYSICAL DESCRIPTION
Extent p.604-611.
362 ## - DATES OF PUBLICATION AND/OR SEQUENTIAL DESIGNATION
Dates of publication and/or sequential designation Jul-Sep
520 ## - SUMMARY, ETC.
Summary, etc. Expenditure reforms have been considered very important to reduce the fiscal deficit and make the activities of various departments more focused and effective. There are many rules, procedures and systems in budgeting and financial management in government crying for attention and reform. All expenditures in government are categorised either as Plan or Non-plan. But both these have not been defined in the GFRs or the DFPRs. In this article an attempt has been made to examine the concepts of plan and non-plan expenditure and their relevance in the context of planning and financial management in government. - Reproduced.
650 ## - SUBJECT ADDED ENTRY--TOPICAL TERM
Topical term or geographic name entry element Financial administration
773 ## - HOST ITEM ENTRY
Main entry heading Indian Journal of Public Administration
908 ## - PUT COMMAND PARAMETER (RLIN)
Put command parameter N
909 ## -
-- 63072
Holdings
Withdrawn status Lost status Damaged status Not for loan Permanent Location Current Location Date acquired Serial Enumeration / chronology Barcode Date last seen Price effective from Koha item type
        Indian Institute of Public Administration Indian Institute of Public Administration 2018-07-19 Volume no: 50, Issue no: 3 AR63522 2018-07-19 2018-07-19 Articles

Powered by Koha